000 00603nam a2200193Ia 4500
008 120824t1970 xxu||||| |||| 00| 0 sin d
041 _asin
080 _a8 S.03: 820
_bSHA
100 _aShakspeare,William
245 _aහැම්ලට් ඩෙන්මාර්කයේ කුමාරයා
246 _aHamlat Denmarkaye Kumaraya
260 _aD.M Suriyarachchi
_aGanemulla
_c1970
300 _b182p, 21 cm
500 _aSinhalese Translation Of William Shakspeare's of Hamlet
700 _aLiyanage,K.C
_etr.
942 _cBK
999 _c39663
_d39663
003 LK-CoDNM
040 _aLK-CoDNM
_dLK-CoDNM
_eLK-CoDNM